000 00921nas a2200265 4500
001 BR8202148
003 BR-BrBNA
005 20231205085129.0
007 ta
008 230509b bl.|||p| |||| 00| 00por d
040 _aBR-BrBNA
_bpor
_cBiblioteca Nacional de Agricultura
041 _a(Pt)
072 _aF22
100 1 _aRando, E.M.
100 1 _aAndrade, H.
100 1 _aFreire, J.C.
245 1 _aAlteracoes na consistencia e textura de um latossolo roxo distrofico, ocasionadas pelo cultivo convencional
_bParte de tese
246 1 _aAlteration of soil consistency and texture of dusky red latosol, through conventional cultivation
_b[Part of thesis]
650 _aLATOSSOLO ROXO
650 _aTEXTURA DO SOLO
650 _aABSORCAO
773 0 _tCiencia e Pratica (Brazil)
_xISSN 0100-3267
_g(Jan 1981), v. 5(1) p. 40-47
_wBR8202148
909 _a202311
_bLúcia
_c55
_dLúcia Elande
942 _2AGRIS
_n0
_cANA
999 _c109416
_d109416